000 00668nam a2200229 i 4500
001 C2-0004792
003 PPAK
005 20190630221825.0
008 970123s1982 my a|||| ||||| | may d
040 _aPPAK
_beng
_cPPAK
_erda
082 0 4 _a915.95116
_223
090 0 0 _a915.95116
_bABR
_dRK
100 0 _aAb. Rahim Selamat,
_eauthor
245 1 0 _aSelangor/Wilayah Persekutuan (Darul Ikhsan)
264 1 _aJohor Bahru, Johor :
_bJohore Central Store ,
_c1982
300 _a64 pages :
_billustrations ;
_c19 cm
336 _2rdacontent
_atext
337 _2rdamedia
_aunmediated
338 _2rdacarrier
_avolume
650 1 0 _aSelangor - Geography
942 _ddc
_cB
999 _c1251
_d1251